[Event "SM-2012-0-00209"]
[Site "LSS email"]
[Date "2012.08.01"]
[Round "?"]
[White "Szabo, Mihaly"]
[Black "Kravtsov, Vladimir"]
[Result "1-0"]
[WhiteElo "2189"]
[BlackElo "2148"]
[PlyCount "52"]
[EventDate "2012.06.19"]
[EventType "tourn (corr)"]
[EventRounds "6"]
[EventCountry "GER"]
[SourceTitle "Telechess CBM 165"]
[Source "ChessBase"]
[SourceDate "2015.03.11"]
[SourceVersion "1"]
[SourceVersionDate "2015.03.11"]
[SourceQuality "1"]

1. e4 c5 2. Nf3 d6 3. Nc3 Nf6 4. Bb5+ Bd7 5. Bxd7+ Qxd7 6. d4 cxd4 7. Qxd4 Nc6 8. Qd3 e6 9. 0-0 a6 10. Bf4 Be7 11. Rad1 Rd8 12. Qe2 Qc8 13. e5 Nh5 14. Bc1 dxe5 15. Nxe5 Nxe5 16. Qxe5 Nf6 17. Qg3 Qc6 18. h3 Bd6 19. Qh4 0-0 20. Bh6 Qc5 21. Rfe1 b5 22. a3 Rfe8 23. Rd3 Bf8 24. Be3 Qc7 25. Bf4 Qe7 26. Red1 Rxd3 1-0

[Event "SM-2012-0-00195"]
[Site "LSS email"]
[Date "2012.04.02"]
[Round "?"]
[White "Volkov, Aleksandr Valentovi"]
[Black "Kravtsov, Vladimir"]
[Result "0-1"]
[WhiteElo "2150"]
[BlackElo "2148"]
[PlyCount "92"]
[EventDate "2012.03.01"]
[EventType "tourn (corr)"]
[EventRounds "6"]
[EventCountry "GER"]
[SourceTitle "Telechess CBM 159"]
[Source "ChessBase"]
[SourceDate "2014.03.17"]
[SourceVersion "1"]
[SourceVersionDate "2014.03.17"]
[SourceQuality "1"]

1. e4 c5 2. Nf3 d6 3. d4 cxd4 4. Nxd4 Nf6 5. Nc3 a6 6. Be3 e6 7. f3 b5 8. g4 b4 9. Nce2 h6 10. c4 e5 11. Nc2 Nc6 12. Qd2 Rb8 13. b3 Nd7 14. Ng3 Nc5 15. 0-0-0 g6 16. h4 a5 17. h5 a4 18. Kb2 Qa5 19. g5 Nd4 20. Nxd4 exd4 21. Bxd4 axb3 22. Ra1 Qa3+ 23. Kb1 Rh7 24. Be2 Ra8 25. Qb2 Qxb2+ 26. Bxb2 hxg5 27. axb3 Rxa1+ 28. Bxa1 Nxb3 29. Bf6 Be7 30. Bxe7 Kxe7 31. Kb2 Nc5 32. hxg6 Rg7 33. gxf7 Rxf7 34. Rh2 Kf6 35. Nf1 Ra7 36. Ne3 Be6 37. Nc2 b3 38. Na3 Ke5 39. Bd1 Ra8 40. Be2 Kf4 41. Rg2 Bd7 42. Rh2 Ke3 43. Rg2 Ra5 44. Rh2 Be8 45. Bf1 Kxf3 46. Rd2 Ra6 0-1

[Event "CP-2011-P-00024"]
[Site "LSS email"]
[Date "2011.09.30"]
[Round "?"]
[White "Kravtsov, Vladimir"]
[Black "Fels, Bernhard"]
[Result "1-0"]
[WhiteElo "2151"]
[BlackElo "2019"]
[PlyCount "79"]
[EventDate "2011.10.01"]
[EventType "tourn (corr)"]
[EventRounds "6"]
[EventCountry "GER"]
[SourceTitle "Telechess CBM 149"]
[Source "ChessBase"]
[SourceDate "2012.07.17"]
[SourceVersion "1"]
[SourceVersionDate "2012.07.17"]
[SourceQuality "1"]

1. e4 d5 2. exd5 Qxd5 3. Nc3 Qd6 4. Nf3 Nc6 5. d4 Nf6 6. Nb5 Qd8 7. d5 Nb4 8. c4 e6 9. dxe6 Bxe6 10. Bf4 Qxd1+ 11. Rxd1 Na6 12. a3 c6 13. Nbd4 Bg4 14. h3 Bh5 15. Bd3 Nc5 16. g4 Nxd3+ 17. Rxd3 Bg6 18. Re3+ Be4 19. g5 0-0-0 20. gxf6 Rxd4 21. fxg7 Bxg7 22. Nxd4 Bxh1 23. Nf5 Bxb2 24. Rd3 Re8+ 25. Kf1 Re6 26. f3 Be5 27. Bxe5 Rxe5 28. Ng3 Rc5 29. Nxh1 Rxc4 30. Ng3 Kc7 31. Nf5 Rf4 32. Nd6 b5 33. Ke2 Kb6 34. Ke3 Rf6 35. f4 a5 36. f5 c5 37. Kf4 c4 38. Rd1 c3 39. Ke5 Rh6 40. Nxf7 1-0

[Event "CP-2011-P-00024"]
[Site "LSS email"]
[Date "2011.09.30"]
[Round "?"]
[White "Kravtsov, Vladimir"]
[Black "Testa, Italo"]
[Result "1-0"]
[WhiteElo "2151"]
[BlackElo "948"]
[PlyCount "45"]
[EventDate "2011.10.01"]
[EventType "tourn (corr)"]
[EventRounds "6"]
[EventCountry "GER"]
[SourceTitle "Telechess CBM 149"]
[Source "ChessBase"]
[SourceDate "2012.07.17"]
[SourceVersion "1"]
[SourceVersionDate "2012.07.17"]
[SourceQuality "1"]

1. e4 e5 2. Nf3 d6 3. d4 exd4 4. Nxd4 Nf6 5. Nc3 Be7 6. Bf4 0-0 7. Qd2 Bd7 8. f3 Nc6 9. 0-0-0 Nxd4 10. Qxd4 Be6 11. Kb1 c5 12. Qf2 Qb6 13. g4 Nd7 14. g5 Ne5 15. Qg3 a5 16. Bc1 a4 17. f4 Nc4 18. Ka1 a3 19. b3 Nb2 20. Re1 c4 21. f5 Bd7 22. Nd5 Qd8 23. f6 1-0

[Event "SA-2011-0-00215"]
[Site "LSS email"]
[Date "2011.09.11"]
[Round "?"]
[White "Kravtsov, Vladimir"]
[Black "Donzellotti, Giuseppe"]
[Result "1-0"]
[WhiteElo "2187"]
[BlackElo "2090"]
[PlyCount "123"]
[EventDate "2011.08.23"]
[EventType "tourn (corr)"]
[EventRounds "6"]
[EventCountry "GER"]
[SourceTitle "Telechess CBM 155"]
[Source "ChessBase"]
[SourceDate "2013.07.16"]
[SourceVersion "1"]
[SourceVersionDate "2013.07.16"]
[SourceQuality "1"]

1. e4 e5 2. Nf3 Nc6 3. Bb5 g6 4. d4 exd4 5. c3 Bg7 6. cxd4 Nge7 7. d5 Ne5 8. Be2 d6 9. Nxe5 Bxe5 10. 0-0 0-0 11. Nc3 f5 12. Bg5 fxe4 13. Qd2 Qe8 14. Rac1 Qf7 15. Nxe4 Nxd5 16. Bc4 Be6 17. Bh6 c6 18. Bxf8 Bf4 19. Qd4 Rxf8 20. Rcd1 Be5 21. Qd2 Nb6 22. Bxe6 Qxe6 23. g3 d5 24. Nc5 Qf6 25. b3 Bc3 26. Qe2 Rf7 27. Rd3 Bb4 28. Ne6 Nd7 29. Re3 Nc5 30. Nxc5 Bxc5 31. Re8+ Kg7 32. Kg2 Qd4 33. h4 h5 34. f4 a5 35. Re5 Bd6 36. Re6 Bc5 37. Qc2 Rf5 38. Rd1 Qb4 39. a3 Qxa3 40. g4 Rf6 41. Qc3 d4 42. Rxd4 Bxd4 43. Qxd4 Qa2+ 44. Kg1 Qb1+ 45. Kf2 Qc2+ 46. Re2 Qxe2+ 47. Kxe2 hxg4 48. Kf2 c5 49. Qe5 Kf7 50. Qc7+ Kg8 51. Kg3 Rf7 52. Qxc5 Kg7 53. Qxa5 Kh6 54. Qg5+ Kh7 55. h5 Rg7 56. hxg6+ Rxg6 57. Qe5 Rg7 58. f5 Rf7 59. Kf4 g3 60. f6 g2 61. Qe4+ Kh6 62. Kf5 1-0

[Event "SA-2011-0-00215"]
[Site "LSS email"]
[Date "2011.09.11"]
[Round "?"]
[White "Kravtsov, Vladimir"]
[Black "Knoeppel, Bjoern"]
[Result "1-0"]
[WhiteElo "2187"]
[BlackElo "1975"]
[PlyCount "87"]
[EventDate "2011.08.23"]
[EventType "tourn (corr)"]
[EventRounds "6"]
[EventCountry "GER"]
[SourceTitle "Telechess CBM 155"]
[Source "ChessBase"]
[SourceDate "2013.07.16"]
[SourceVersion "1"]
[SourceVersionDate "2013.07.16"]
[SourceQuality "1"]

1. e4 Nf6 2. e5 Nd5 3. c4 Nb6 4. d4 d6 5. Nf3 g6 6. Nc3 Bg7 7. Be3 0-0 8. Be2 Nc6 9. c5 dxc5 10. dxc5 Qxd1+ 11. Rxd1 Nd7 12. e6 Bxc3+ 13. bxc3 fxe6 14. 0-0 Nf6 15. Bb5 Ne4 16. Bxc6 Nxc3 17. Bd7 Nxd1 18. Bxc8 Rfxc8 19. Rxd1 Rd8 20. Rb1 b6 21. g3 Rd3 22. Kg2 Rad8 23. a4 R8d5 24. Rb4 Kf7 25. Ng5+ Kf6 26. h4 h5 27. a5 bxc5 28. Bxc5 a6 29. Rf4+ Rf5 30. Rc4 Rfd5 31. Bb4 Rb3 32. Bc3+ e5 33. Rc6+ Kf5 34. Rxc7 Kf6 35. Rc6+ Kg7 36. Ne4 Rxc3 37. Nxc3 Rxa5 38. Ne4 Ra1 39. Re6 Ra5 40. Rxe7+ Kf8 41. Ra7 Ra2 42. Nc5 a5 43. Kf3 Ke8 44. Nd3 1-0

[Event "SA-2011-0-00186"]
[Site "LSS email"]
[Date "2011.03.27"]
[Round "?"]
[White "Benassi, Aspasio"]
[Black "Kravtsov, Vladimir"]
[Result "1/2-1/2"]
[WhiteElo "2154"]
[BlackElo "2165"]
[PlyCount "57"]
[EventDate "2011.03.08"]
[EventType "tourn (corr)"]
[EventRounds "6"]
[EventCountry "GER"]
[SourceTitle "Telechess CBM 157"]
[Source "ChessBase"]
[SourceDate "2013.11.12"]
[SourceVersion "1"]
[SourceVersionDate "2013.11.12"]
[SourceQuality "1"]

1. b4 e5 2. Bb2 Bxb4 3. Bxe5 Nf6 4. Nc3 Ba5 5. Nf3 d6 6. Bxf6 Qxf6 7. Nd5 Qh6 8. c3 c6 9. Nd4 cxd5 10. Qa4+ Nc6 11. Nxc6 Bxc3 12. Nb8+ Ke7 13. dxc3 Qg6 14. f3 Be6 15. Kf2 Rhxb8 16. e3 Rc8 17. Rc1 Rc5 18. Be2 Bd7 19. Qa3 b5 20. Qa5 a6 21. Rcd1 Kf8 22. Rhe1 Kg8 23. Rd4 Qh6 24. h3 Qg5 25. Bd3 g6 26. Rc1 Qe5 27. h4 Re8 28. Re1 Rec8 29. Rc1 1/2-1/2

[Event "SA-2011-0-00186"]
[Site "LSS email"]
[Date "2011.03.27"]
[Round "?"]
[White "Kravtsov, Vladimir"]
[Black "Kroes, Friso"]
[Result "1/2-1/2"]
[WhiteElo "2165"]
[BlackElo "1945"]
[PlyCount "109"]
[EventDate "2011.03.08"]
[EventType "tourn (corr)"]
[EventRounds "6"]
[EventCountry "GER"]
[SourceTitle "Telechess CBM 157"]
[Source "ChessBase"]
[SourceDate "2013.11.12"]
[SourceVersion "1"]
[SourceVersionDate "2013.11.12"]
[SourceQuality "1"]

1. e4 e6 2. d4 d5 3. Nc3 Bb4 4. exd5 exd5 5. Nf3 Ne7 6. Bd3 Nbc6 7. 0-0 0-0 8. h3 Bf5 9. Ne2 Re8 10. Nf4 Be4 11. Bxe4 dxe4 12. Ng5 h6 13. Nxf7 Qxd4 14. Qg4 Qf6 15. Nxh6+ Qxh6 16. Ne6 Qg6 17. Qxg6 Nxg6 18. Nxc7 Nge5 19. Nxa8 Rxa8 20. Bg5 Nc4 21. c3 Ba5 22. b3 Nb2 23. Rae1 Re8 24. b4 Bc7 25. Re2 Nd3 26. Rd1 Re5 27. h4 a5 28. a3 Rf5 29. Rdd2 Re5 30. Kf1 axb4 31. axb4 Nc1 32. Re3 Bb6 33. Rg3 Nd3 34. Be3 Bd8 35. Rg4 Bf6 36. f3 Rd5 37. c4 Rd8 38. b5 Ra8 39. Kg1 Be5 40. f4 Bd4 41. Rg3 Bc3 42. bxc6 Bxd2 43. Bxd2 Ra1+ 44. Kh2 bxc6 45. f5 Rf1 46. Rg5 c5 47. Rg4 Rxf5 48. Rxe4 Rf2 49. Be3 Re2 50. Kg3 Ne1 51. Kf4 Rxg2 52. Bxc5 Nd3+ 53. Kf3 Nxc5 54. Re8+ Kf7 55. Rc8 1/2-1/2

[Event "BI-2010-F-00002"]
[Site "LSS email"]
[Date "2011.02.21"]
[Round "?"]
[White "Caldwell, Justin"]
[Black "Kravtsov, Vladimir"]
[Result "1/2-1/2"]
[WhiteElo "2144"]
[BlackElo "2158"]
[PlyCount "44"]
[EventDate "2011.02.24"]
[EventType "tourn (corr)"]
[EventRounds "10"]
[EventCountry "GER"]
[SourceTitle "Telechess CBM 157"]
[Source "ChessBase"]
[SourceDate "2013.11.12"]
[SourceVersion "1"]
[SourceVersionDate "2013.11.12"]
[SourceQuality "1"]

1. e4 e5 2. Nf3 Nc6 3. Bb5 a6 4. Ba4 Nf6 5. 0-0 b5 6. Bb3 Bb7 7. d3 Bc5 8. Nc3 0-0 9. a4 Na5 10. axb5 Nxb3 11. cxb3 axb5 12. Rxa8 Bxa8 13. Nxe5 b4 14. Na4 Be7 15. Nf3 d6 16. Nd4 Nd7 17. Nf5 Bf6 18. Bd2 Qb8 19. Qc2 c5 20. Rd1 g6 21. Ng3 Rc8 22. Be3 Nf8 1/2-1/2

[Event "BI-2010-F-00002"]
[Site "LSS email"]
[Date "2011.02.21"]
[Round "?"]
[White "Dvoinikov, Andrey Nikolaevich"]
[Black "Kravtsov, Vladimir"]
[Result "1/2-1/2"]
[WhiteElo "2450"]
[BlackElo "2158"]
[PlyCount "82"]
[EventDate "2011.02.24"]
[EventType "tourn (corr)"]
[EventRounds "10"]
[EventCountry "GER"]
[SourceTitle "Telechess CBM 157"]
[Source "ChessBase"]
[SourceDate "2013.11.12"]
[SourceVersion "1"]
[SourceVersionDate "2013.11.12"]
[SourceQuality "1"]

1. e4 e5 2. Nf3 Nc6 3. Bb5 a6 4. Ba4 Nf6 5. 0-0 Be7 6. Re1 b5 7. Bb3 0-0 8. c3 d6 9. h3 Na5 10. Bc2 c5 11. d4 cxd4 12. cxd4 Re8 13. b3 exd4 14. Nxd4 Bb7 15. Bb2 Bf8 16. Nc3 g6 17. Qd2 Bg7 18. Rad1 Rc8 19. Bb1 Nc6 20. Nxc6 Bxc6 21. Qxd6 Qxd6 22. Rxd6 Nh5 23. Rd2 f5 24. f3 Bxc3 25. Bxc3 Bxe4 26. fxe4 Rxc3 27. Kf2 f4 28. e5 Kf7 29. h4 Re7 30. Rd6 Re6 31. Rd5 Re7 32. Re4 Rec7 33. Rd6 Ke7 34. Rxa6 Rd7 35. Rd6 Rxd6 36. exd6+ Kxd6 37. Rd4+ Ke6 38. Rb4 Rc1 39. Bd3 Ra1 40. Rxb5 Rxa2+ 41. Kf3 Kd6 1/2-1/2

[Event "BI-2010-F-00002"]
[Site "LSS email"]
[Date "2011.02.21"]
[Round "?"]
[White "Mason, Ian C"]
[Black "Kravtsov, Vladimir"]
[Result "1/2-1/2"]
[WhiteElo "2136"]
[BlackElo "2158"]
[PlyCount "66"]
[EventDate "2011.02.24"]
[EventType "tourn (corr)"]
[EventRounds "10"]
[EventCountry "GER"]
[SourceTitle "Telechess CBM 157"]
[Source "ChessBase"]
[SourceDate "2013.11.12"]
[SourceVersion "1"]
[SourceVersionDate "2013.11.12"]
[SourceQuality "1"]

1. d4 d5 2. c4 c6 3. Nf3 Nf6 4. e3 Bg4 5. h3 Bh5 6. cxd5 cxd5 7. Nc3 e6 8. g4 Bg6 9. Ne5 Nfd7 10. Nxg6 hxg6 11. Bg2 Nc6 12. 0-0 Nb6 13. a3 Rc8 14. Qd3 f5 15. f3 Bd6 16. b3 0-0 17. f4 a6 18. g5 Qc7 19. Bb2 Na5 20. Qc2 Qe7 21. Rfc1 Kf7 22. Qd1 Rc7 23. Ne2 Nc6 24. Kf2 Kg8 25. Ng1 Rfc8 26. Nf3 Kh8 27. h4 Kh7 28. Ne5 Bxe5 29. dxe5 Qe8 30. Rc3 a5 31. Qd3 Rd7 32. Kg3 d4 33. exd4 Rxd4 1/2-1/2

[Event "WC-2015-P-00003"]
[Site "LSS email"]
[Date "2011.02.20"]
[Round "?"]
[White "Rey, Manny"]
[Black "Kravtsov, Vladimir"]
[Result "1-0"]
[WhiteElo "2202"]
[BlackElo "2189"]
[PlyCount "85"]
[EventDate "2011.02.24"]
[EventType "tourn (corr)"]
[EventRounds "6"]
[EventCountry "GER"]
[SourceTitle "Telechess CBM 155"]
[Source "ChessBase"]
[SourceDate "2013.07.16"]
[SourceVersion "1"]
[SourceVersionDate "2013.07.16"]
[SourceQuality "1"]

1. d4 Nf6 2. c4 e6 3. Nc3 Bb4 4. Qc2 0-0 5. a3 Bxc3+ 6. Qxc3 b6 7. Nf3 Bb7 8. e3 a5 9. b3 Ne4 10. Qc2 f5 11. Bd3 Rf6 12. Bb2 Na6 13. 0-0-0 Qe7 14. h4 Rh6 15. Rdg1 Rf8 16. Rh3 d6 17. Qe2 c5 18. h5 Bc8 19. Bc2 Nf6 20. Nh2 e5 21. dxe5 dxe5 22. f3 e4 23. fxe4 fxe4 24. g4 g5 25. Qd2 Nb8 26. Rf1 Na6 27. Qc3 Nc7 28. Rg3 Rf7 29. Rg2 Nce8 30. Rgf2 Kf8 31. Rd1 Qc7 32. b4 axb4 33. axb4 Ng8 34. Rfd2 Bb7 35. Rd8 Bc6 36. bxc5 bxc5 37. Ba3 Bd7 38. Ra8 Ngf6 39. Qd4 Kg7 40. Qxc5 Qxc5 41. Bxc5 Be6 42. Bd4 Re7 43. Ra5 1-0

[Event "LSS SB-2010-0-00126"]
[Site "LSS email"]
[Date "2010.12.31"]
[Round "?"]
[White "Kravtsov, Vladimir"]
[Black "Avellan, Gerardo"]
[Result "1/2-1/2"]
[WhiteElo "2043"]
[BlackElo "1947"]
[PlyCount "30"]
[EventDate "2010.12.10"]
[EventType "tourn (corr)"]
[EventRounds "6"]
[EventCountry "GER"]
[SourceTitle "Corr 2013"]
[Source "ChessBase"]
[SourceDate "2012.11.12"]
[SourceVersion "1"]
[SourceVersionDate "2012.11.12"]
[SourceQuality "1"]
[WhiteTeam "US of America"]
[BlackTeam "US of America"]
[WhiteTeamCountry "USA"]
[BlackTeamCountry "USA"]

1. d4 Nf6 2. c4 e6 3. Nc3 Bb4 4. e3 0-0 5. Bd3 c5 6. Nge2 d5 7. cxd5 exd5 8. a3 Bxc3+ 9. bxc3 b6 10. dxc5 bxc5 11. Bb2 Qb6 12. Rb1 Ba6 13. c4 dxc4 14. Bf5 Qc6 15. 0-0 Nbd7 1/2-1/2

[Event "LSS SB-2010-0-00126"]
[Site "LSS email"]
[Date "2010.12.31"]
[Round "?"]
[White "Kravtsov, Vladimir"]
[Black "Mujica, Hector"]
[Result "1-0"]
[WhiteElo "2043"]
[BlackElo "1861"]
[PlyCount "79"]
[EventDate "2010.12.10"]
[EventType "tourn (corr)"]
[EventRounds "6"]
[EventCountry "GER"]
[SourceTitle "Telechess CBM 145"]
[Source "Chessbase"]
[SourceDate "2011.11.11"]
[SourceVersion "1"]
[SourceVersionDate "2011.11.11"]
[SourceQuality "1"]
[WhiteTeam "US of America"]
[WhiteTeamCountry "USA"]

1. e4 c5 2. Nf3 d6 3. d4 cxd4 4. Nxd4 Nf6 5. Nc3 a6 6. Be3 e6 7. Be2 Be7 8. 0-0 Nc6 9. f4 Qc7 10. Qe1 0-0 11. Rd1 d5 12. e5 Nxd4 13. Bxd4 Ne4 14. Nxe4 dxe4 15. c3 Qc6 16. Rd2 b5 17. Bd1 Bb7 18. Bc2 b4 19. Qe3 bxc3 20. bxc3 Rab8 21. Re1 Qc4 22. Rb1 Qc6 23. Rb6 Qd5 24. Rf2 g6 25. f5 gxf5 26. Rxf5 exf5 27. Rh6 Qe6 28. Qg3+ Kh8 29. Qh3 Qxh6 30. Qxh6 Bd5 31. e6+ f6 32. Qh3 Bxe6 33. Bxe4 Rf7 34. a4 a5 35. Bxf5 Rb1+ 36. Kf2 Rb2+ 37. Ke3 Bxf5 38. Qxf5 Rxg2 39. Qxa5 Rxh2 40. Qd5 1-0

[Event "CP-2010-P-00063"]
[Site "LSS email"]
[Date "2010.09.28"]
[Round "?"]
[White "Vontina, Maria"]
[Black "Kravtsov, Vladimir"]
[Result "0-1"]
[WhiteElo "657"]
[BlackElo "1917"]
[PlyCount "42"]
[EventDate "2010.10.01"]
[EventType "tourn (corr)"]
[EventRounds "6"]
[EventCountry "GER"]
[SourceTitle "Telechess CBM 143"]
[Source "ChessBase"]
[SourceDate "2011.07.15"]
[SourceVersion "1"]
[SourceVersionDate "2011.07.15"]
[SourceQuality "1"]

1. e4 e6 2. d4 d5 3. Nc3 Nf6 4. Bg5 Be7 5. e5 Nfd7 6. Bxe7 Qxe7 7. Nf3 0-0 8. Bd3 c5 9. dxc5 Nc6 10. 0-0 Ndxe5 11. Nxe5 Nxe5 12. b4 h6 13. a4 a5 14. bxa5 Qxc5 15. Qd2 Qxa5 16. Rfd1 Bd7 17. Ne2 Rfc8 18. Qe3 Nxd3 19. cxd3 b5 20. Nc3 Rxc3 21. axb5 Qxa1 0-1

[Event "LSS SB-2010-0-00105"]
[Site "LSS email"]
[Date "2010.08.17"]
[Round "?"]
[White "Herzog, Klaus"]
[Black "Kravtsov, Vladimir"]
[Result "0-1"]
[WhiteElo "1863"]
[BlackElo "1927"]
[PlyCount "56"]
[EventDate "2010.07.18"]
[EventType "tourn (corr)"]
[EventRounds "6"]
[EventCountry "GER"]
[SourceTitle "Telechess CBM 143"]
[Source "ChessBase"]
[SourceDate "2011.07.15"]
[SourceVersion "1"]
[SourceVersionDate "2011.07.15"]
[SourceQuality "1"]

1. d4 Nf6 2. c4 e6 3. Nc3 Bb4 4. f3 d5 5. a3 Bxc3+ 6. bxc3 c5 7. cxd5 exd5 8. e3 c4 9. Ne2 Nc6 10. g4 Na5 11. Ng3 0-0 12. h4 Nb3 13. Ra2 Qa5 14. Rc2 Bd7 15. Kf2 Ne8 16. e4 Nd6 17. h5 Bc6 18. e5 Nb5 19. Nf5 Rae8 20. h6 g6 21. Ng7 Ra8 22. Bb2 Nxa3 23. Re2 Nb5 24. Qc2 Qd8 25. e6 Qe7 26. Bg2 a5 27. Bc1 a4 28. Rhe1 f6 0-1

[Event "LSS SB-2010-0-00100"]
[Site "LSS email"]
[Date "2010.07.13"]
[Round "?"]
[White "Tkachenko, Oleg Pavlovich"]
[Black "Kravtsov, Vladimir"]
[Result "0-1"]
[WhiteElo "1880"]
[BlackElo "1937"]
[PlyCount "52"]
[EventDate "2010.06.14"]
[EventType "tourn (corr)"]
[EventRounds "6"]
[EventCountry "GER"]
[SourceTitle "Telechess CBM 143"]
[Source "ChessBase"]
[SourceDate "2011.07.15"]
[SourceVersion "1"]
[SourceVersionDate "2011.07.15"]
[SourceQuality "1"]

1. d4 Nf6 2. c4 e6 3. Nf3 d5 4. Bg5 Be7 5. e3 h6 6. Bh4 0-0 7. Nc3 b6 8. cxd5 Nxd5 9. Bxe7 Qxe7 10. Nxd5 exd5 11. Rc1 Be6 12. Qa4 a5 13. Be2 Qb4+ 14. Qxb4 axb4 15. Ra1 Nd7 16. Kd2 c5 17. Bd3 c4 18. Bc2 Ra5 19. h3 Rfa8 20. Bb1 b5 21. Re1 b3 22. a4 Nb6 23. Ne5 Rc8 24. f4 b4 25. Ke2 f6 26. Ng6 Kf7 0-1

[Event "LSS SB-2010-0-00100"]
[Site "LSS email"]
[Date "2010.07.12"]
[Round "?"]
[White "Kravtsov, Vladimir"]
[Black "Kuhn, Christian Helmut"]
[Result "1-0"]
[WhiteElo "1868"]
[BlackElo "1900"]
[PlyCount "51"]
[EventDate "2010.06.14"]
[EventType "tourn (corr)"]
[EventRounds "6"]
[EventCountry "GER"]
[SourceTitle "Telechess CBM 143"]
[Source "ChessBase"]
[SourceDate "2011.07.15"]
[SourceVersion "1"]
[SourceVersionDate "2011.07.15"]
[SourceQuality "1"]

1. e4 c5 2. Nf3 d6 3. d4 cxd4 4. Nxd4 Nf6 5. Nc3 a6 6. Bg5 e6 7. f4 Nc6 8. Qd2 h6 9. Bxf6 Qxf6 10. Nf3 Be7 11. 0-0-0 0-0 12. Kb1 b5 13. Qe3 Qg6 14. Bd3 Nb4 15. Be2 Rb8 16. g4 Qh7 17. h4 Bb7 18. f5 Kh8 19. Nd4 Nc6 20. Nxc6 Bxc6 21. Nd5 Bd8 22. Nb4 Bb6 23. Qd3 Rbc8 24. Qxd6 Rfd8 25. Qf4 Bb7 26. Rxd8+ 1-0

[Event "LSS SB-2010-0-00099"]
[Site "LSS email"]
[Date "2010.07.11"]
[Round "?"]
[White "Jochem, Alessandro Gil"]
[Black "Kravtsov, Vladimir"]
[Result "0-1"]
[WhiteElo "1529"]
[BlackElo "1940"]
[PlyCount "40"]
[EventDate "2010.06.05"]
[EventType "tourn (corr)"]
[EventRounds "6"]
[EventCountry "GER"]
[SourceTitle "Telechess CBM 143"]
[Source "ChessBase"]
[SourceDate "2011.07.15"]
[SourceVersion "1"]
[SourceVersionDate "2011.07.15"]
[SourceQuality "1"]

1. e4 e6 2. Nf3 d5 3. Nc3 Nf6 4. e5 Nfd7 5. d4 c5 6. Bg5 Qb6 7. Bb5 a6 8. Ba4 Qxb2 9. Bxd7+ Bxd7 10. Ne2 h6 11. Be3 Ba4 12. Rb1 Qxc2 13. Qxc2 Bxc2 14. Rxb7 c4 15. Kd2 Bg6 16. Nc3 Nc6 17. g4 0-0-0 18. Rb6 Kc7 19. Rxa6 Bb4 20. Nh4 Ra8 0-1

[Event "LSS SB-2010-0-00099"]
[Site "LSS email"]
[Date "2010.07.11"]
[Round "?"]
[White "Kravtsov, Vladimir"]
[Black "Herzog, Klaus"]
[Result "1-0"]
[WhiteElo "1834"]
[BlackElo "1856"]
[PlyCount "63"]
[EventDate "2010.06.05"]
[EventType "tourn (corr)"]
[EventRounds "6"]
[EventCountry "GER"]
[SourceTitle "Telechess CBM 143"]
[Source "ChessBase"]
[SourceDate "2011.07.15"]
[SourceVersion "1"]
[SourceVersionDate "2011.07.15"]
[SourceQuality "1"]

1. e4 c6 2. Nc3 d5 3. d4 dxe4 4. Nxe4 Nd7 5. Nf3 Ngf6 6. Nxf6+ Nxf6 7. c3 Bg4 8. h3 Bxf3 9. Qxf3 Qd5 10. Qxd5 Nxd5 11. Bc4 e6 12. 0-0 h5 13. Bb3 Bd6 14. h4 a5 15. a4 0-0 16. g3 g6 17. Kg2 Kg7 18. Bg5 Ra6 19. Bc4 Rb6 20. Rab1 Ra8 21. Rfd1 Nf6 22. Bd2 Be7 23. f3 Nd5 24. Kh3 Bf6 25. b3 e5 26. dxe5 Bxe5 27. Rbc1 Bf6 28. g4 hxg4+ 29. fxg4 Rh8 30. g5 Be7 31. Bxd5 cxd5 32. Be3 1-0

[Event "LSS RC-2010-0-00047"]
[Site "LSS email"]
[Date "2010.06.15"]
[Round "?"]
[White "Latib, Yunus"]
[Black "Kravtsov, Vladimir"]
[Result "1/2-1/2"]
[WhiteElo "1715"]
[BlackElo "1792"]
[PlyCount "78"]
[EventDate "2010.04.02"]
[EventType "tourn (corr)"]
[EventRounds "6"]
[EventCountry "GER"]
[SourceTitle "Telechess CBM 141"]
[Source "ChessBase"]
[SourceDate "2011.03.17"]
[SourceVersion "1"]
[SourceVersionDate "2011.03.17"]
[SourceQuality "1"]

1. d4 d5 2. c4 c6 3. Nf3 dxc4 4. e3 Be6 5. Qc2 b5 6. a4 Nf6 7. Be2 a5 8. 0-0 g6 9. axb5 cxb5 10. Nc3 Qb6 11. Ng5 Bd7 12. b3 Bg7 13. bxc4 b4 14. Na4 Qc7 15. c5 h6 16. Nf3 Bf5 17. Bb5+ Nbd7 18. Qe2 0-0 19. Bb2 Be4 20. Nd2 Bc6 21. Bxc6 Qxc6 22. e4 e6 23. Rfe1 Rfd8 24. Qf3 Qb5 25. e5 Nd5 26. Ne4 Qc6 27. Nd6 Rf8 28. Bc1 Ne7 29. Qh3 Kh7 30. Be3 Nf5 31. Nxf5 gxf5 32. Red1 Qe4 33. f4 Rad8 34. Qf3 Qxf3 35. gxf3 Nb8 36. Nb2 Nc6 37. Nc4 Ra8 38. Ra4 Rg8 39. Kf2 f6 1/2-1/2

[Event "LSS BI-2010-P-00025"]
[Site "LSS email"]
[Date "2010.04.19"]
[Round "?"]
[White "Falco, Osvaldo"]
[Black "Kravtsov, Vladimir"]
[Result "0-1"]
[WhiteElo "800"]
[BlackElo "1793"]
[PlyCount "58"]
[EventDate "2010.04.22"]
[EventType "tourn (corr)"]
[EventRounds "10"]
[EventCountry "GER"]
[SourceTitle "Telechess CBM 141"]
[Source "ChessBase"]
[SourceDate "2011.03.17"]
[SourceVersion "1"]
[SourceVersionDate "2011.03.17"]
[SourceQuality "1"]

1. d4 d5 2. c4 e6 3. Nc3 Nf6 4. cxd5 exd5 5. Bg5 c6 6. Qc2 Bd6 7. Nf3 0-0 8. e3 h6 9. Bh4 Be6 10. Bd3 Nbd7 11. 0-0 Rc8 12. Rfc1 Re8 13. Ne2 c5 14. dxc5 Nxc5 15. Bb5 Rf8 16. Nfd4 Bxh2+ 17. Kh1 Bd6 18. a3 g5 19. Bg3 Nce4 20. Qa4 Rxc1+ 21. Rxc1 a6 22. Bxa6 bxa6 23. Qxa6 Bc8 24. Rxc8 Qxc8 25. Qxc8 Rxc8 26. Nf5 Nxg3+ 27. Nexg3 Rc1+ 28. Kh2 Ng4+ 29. Kh3 Nxf2+ 0-1